| 000 | 00626nam a2200229Ia 4500 | ||
|---|---|---|---|
| 005 | 20250923145738.0 | ||
| 008 | 008 250917s9999 xx 000 0 eng d | ||
| 037 | _aTextual | ||
| 040 |
_aDSWL _beng _cDSWL |
||
| 041 |
_aeng _2eng |
||
| 084 |
_aY, N72 _qDSWL |
||
| 100 |
_aYoung, K. _9838534 |
||
| 245 | 0 |
_aSystematic sociology : text and readings _cby K. Young |
|
| 250 | _a2nd | ||
| 260 |
_aNew Delhi _b Affiliated East West Press _c1972 |
||
| 300 | _axi,510,376p. | ||
| 365 |
_aINR _b12.75 |
||
| 700 |
_a R.W. Mack _9838535 |
||
| 925 | _g12.75 | ||
| 942 |
_cTEXL _hY, N72 |
||
| 999 |
_c1455138 _d1455138 |
||